Principles of structural metallurgy

में बचाया:
ग्रंथसूची विवरण
मुख्य लेखक: Harocopos
स्वरूप: पुस्तक
भाषा:Undetermined
प्रकाशित: London Iliffe Books 1963
विषय:
टैग : टैग जोड़ें
कोई टैग नहीं, इस रिकॉर्ड को टैग करने वाले पहले व्यक्ति बनें!
Thư viện lưu trữ: Trung tâm Học liệu Trường Đại học Cần Thơ
LEADER 00484nam a2200181Ia 4500
001 CTU_80913
008 210402s9999 xx 000 0 und d
082 |a 669.9 
082 |b H292 
100 |a Harocopos 
245 0 |a Principles of structural metallurgy 
245 0 |c Harocopos 
260 |a London 
260 |b Iliffe Books 
260 |c 1963 
650 |a Metallography,Physical metallurgy 
904 |i Trọng Hải 
980 |a Trung tâm Học liệu Trường Đại học Cần Thơ